000 01267cab a2200205 4500
001 ##ABS36846
008 090401t1986 xxu||||| |||| 00| 0 eng d
035 _a(Sirsi) u628
041 0 _aeng
245 0 0 _aThomson v City of Glasgow DC
260 _c1986
350 _a0
490 0 _aScots Law Times
_v(1986) 19 September 1986, p6-10 (5)
520 _aLT Scotland 10 June 1986. An application by T to purchase an apartment in a council hostel on the grounds that it was part of a dwelling house under the Tenants' Rights Etc (Scotland) Act 1980 s82. The tenant occupied the apartment primarily as a bedroom, other living activities such as eating and bathing were carried out in other parts of the hostel which were communal. G refused T`s application and he applied to the LT for an order under s3(4) of the Act finding that he had a right to purchase. Held that the apartment was not a separate dwelling under the terms of s10(1)(a) of the Act. T`s application refused.
650 2 4 _aTENANTS RIGHTS ETC (SCOTLAND) ACT 1980 S82
651 4 _aScotland
_y1999-
690 _aPROPERTY-RESIDENTIAL PROPERTY-LEASEHOLD RESIDENTIAL PROPERTY-RESIDENTIAL LANDLORD AND TENANT-RESIDENTIAL LEASES-RESIDENTIAL LEASEHOLD ENFRANCHISEMENT
942 _n0
948 _c04/03/1997
999 _c311
_d311